00749nam a2200205 i 4500003000900000005001700009007000300026008004100029040003000070082001800100245006000118246006400178264012200242300002200364336002700386337003300413338002800446500003800474504003100512DO-SdBNP20250613101224.0ta250613s1984 dr 000 0 spa d aDO-SdBNPbspacBNPHUerda axxxbT31522210aIII Mesa redonda Latinoamericana sobre palma aceitera /1 aTercera Mesa redonda Latinoamericana sobre palma aceitera / 1aBrasil : bMinisterio de Agricultura de Brasil,bOficina Regional de la FAO para américa Latina y El Caribe,c1984. avolumen :c28 cm. atextobtxt2rdacontent asin mediaciónbn2rdamedia avolumenbnc2rdacarrier aLa biblioteca posee el volumen 1. aBibliografía p: 391-393.